Where is Portuguese the Official Language? - Statistics

General Stats
  • This quiz has been taken 37 times
  • The average score is 5 of 7
Answer Stats
Answer % Correct
Portugal
100%
Brazil
97%
Angola
64%
Mozambique
58%
Sao Tome and Principe
52%
Cape Verde
42%
Guinea-Bissau
39%
No matching quizzes found
Score Distribution
Percent of People with Each Score
Percentile by Number Answered
Your Score History
You have not taken this quiz